000 00308nam a22001337a 4500
008 170810b xxu||||| |||| 00| 0 eng d
020 _a9780470074268
041 _aeng
080 _25TH
_a004
100 _a35
101 _aSHK
245 _aDESIGNING EFFECTIVE INSTRUCTION
_cMORRISON,G.R
942 _2udc
_cBK
999 _c23179
_d23179